00516nam a2200181Ia 4500003000900000008004100009040001300050040001300063041000800076100001900084245011700103250002000220260001700240260000900257300001200266490005000278490000600328IT-RoPAU120407s9999 xx 000 0 und d aIT-RoPAU cIT-RoPAU aita aFederico Tozzi aCon gli occhi chiusi. Tre croci. Da “Le novelle”. In “Narratori dell’ottocento e del primo novecento”. aMilano - Napoli aR. Ricciardi c1966 c22,5 cm aLa Letteratura italiana.Storia e testi, 64/5. v1